| 000 | 00568 a2200181 4500 | ||
|---|---|---|---|
| 003 | NUST | ||
| 005 | 20260204184023.0 | ||
| 040 | _cNust | ||
| 082 | _a621.382,REH | ||
| 100 |
_aRehman, NC Zia ur (TE-43C) _9131468 |
||
| 245 |
_aSpeech Recognition system for controlling Electric Appliances / _cZia ur Rehman , Muhammad Amjad Ahmad, Faisal Khan Lohani and Rashid Sultan |
||
| 260 |
_aRawalpindi _bMCS _cJuly 2010 |
||
| 300 | _a49:p,; | ||
| 650 |
_aUG Projects _998716 |
||
| 651 |
_aTE-43 C _9131469 |
||
| 700 |
_aSupervised by Raja Iqbal _9131764 |
||
| 942 |
_cPR _2ddc |
||
| 999 |
_c188353 _d188353 |
||